000 00446nam a22001697a 4500
005 20251108175607.0
008 250721s2017 xx 000 0 eng d
082 1 4 _aJ/372.4/SUR
245 1 4 _athe surprise party /
264 1 _aindia :
_bom books international,
_c2017.
300 _a32P.
650 1 7 _alearning
650 1 7 _areading
653 _aاطفال مرحلة متوسطة (6-9) سنوات
942 _2ddc
_cBK
999 _c137806
_d137806